000 00909nam0a22002651 4500
001 rc\15900
005 20250620114952.0
010 _a5-292-00707-2
_91000
035 _a(NLR Aleph) 005304064
090 _a6318658
_c6318658
100 _a20021204d1991 |||y0rusy50 ca
101 0 _arus
102 _aRU
105 _aa |||||||||
200 1 _aИнформационный анализ цифровых сигналов
210 _aСамара
_cИзд-во Сарат. ун-та. Самар. фил.
_d1991
215 _a202 с.
_cил.
_d20
320 _aБиблиогр.: с. 191-200 (141 назв.)
700 1 _7ca
_8rus
_aАрхангельский
_bС. В.
_cд-р техн. наук
_f- 2015
_gСергей Васильевич
_9221721
_3RU\NLR\AUTH\770221777
801 0 _aRU
_bNLR
_gpsbo
801 1 _aRU
_bELAR
_2rusmarc
852 _aNLR
_j91-3/11621
942 _cBOOK
980 _aNB